000 00337nam a22000977a 4500
999 _c23339
_d23339
003 Nust
005 20170410135115.0
008 130410b xxu||||| |||| 00| 0 eng d
020 _cAvalable
_a8178083396
040 _aDLC
_bDLC
_cRCMS
082 _a621.22BOL
_22nd,ed
100 _aBolton, W.
245 _aMechatronics
_hEnglish
_b Electronic Control Systems in Mechanical and Electrical Engineering
250 _a2nd,ed.
260 _aIndia
_bPearson Eduction Ltd
_cc1999
300 _aix,543,p :
_bill:
_c26,cm,
538 _iShelf # 15, Row # 1, Communication.
650 _aElectrical Engineering
856 _3Table of Content Only
942 _2ddc
_cBK